Un travestito da rosa.

Furkejuvvon:
Bibliográfalaš dieđut
Váldodahkki: Filia, Patrizia (Dahkki)
Materiálatiipa: Girji
Giella:itáliagiella
Almmustuhtton: Milano : Nuovi autori, 1982
Fáddágilkorat: Lasit fáddágilkoriid
Eai fáddágilkorat, Lasit vuosttaš fáddágilkora!

MARC

LEADER 00000nam a22000007i 4500
001 IT\ICCU\CFI\0004345
003 ItRI
005 20250723112307.0
008 851210s1982 it |||||| ||||| |||||c
040 |b ita  |c ct 
041 7 |a ita  |2 ISO-639-2 
082 |a 853.9  |2 18 
100 1 |a Filia, Patrizia  |0 IT\ICCU\CFIV\010577  |4 aut 
245 1 3 |a Un travestito da rosa. 
260 |a Milano :  |b Nuovi autori,  |c 1982 
300 |a 63 p. ;  |c 21 cm. 
942 |2 ddc  |c BK 
952 |0 0  |1 0  |2 ddc  |4 0  |6 B_LNR02FILPATRA11  |7 0  |9 4862  |a MI  |b MI  |d 1987-07-11  |i 321  |l 0  |o B-LNR02-FILPA-TRA11  |p CDOM321  |r 2025-07-07 11:14:18  |w 2025-07-07  |x ACQUISTO  |y BK 
981 1 |6 z01  |a i   |b xxxe  
982 1 |6 z01  |a n 
999 |c 3826  |d 3826